书目信息 |
| 题名: |
明朝那些事儿
|
|
| 作者: | 当年明月 著 | |
| 分册: | 叁 妖孽宫廷 | |
| 出版信息: | 北京 中国友谊出版公司 2009 |
|
| 页数: | 273页 | |
| 开本: | 24cm | |
| 丛书名: | ||
| 单 册: | ||
| 中图分类: | K248.09 | |
| 科图分类: | ||
| 主题词: | 古代史 | |
| 电子资源: | ||
| ISBN: | 978-7-5057-2326-9 | |
| 000 | 01145nam0 2200265 45 | |
| 001 | 1133506672 | |
| 005 | 20110413090849.76 | |
| 010 | @a978-7-5057-2326-9@dCNY28.80 | |
| 100 | @a20110407d2009 em y0chiy0121 ea | |
| 101 | 0 | @achi |
| 102 | @aCN@b110000 | |
| 105 | @ay z 000yy | |
| 106 | @ar | |
| 200 | 1 | @a明朝那些事儿@AMing Chao Na Xie Shi Er@h叁@HSan@i妖孽宫廷@IYao Nie Gong Ting@f当年明月著@FDang Nian Ming Yue Zhu |
| 210 | @a北京@c中国友谊出版公司@d2009 | |
| 215 | @a273页@d24cm | |
| 330 | @a本书主要从明英宗朱祁镇成功复辟的“夺门之变”后写起,叙述了忠奸不分的朱祁镇听信谗言,杀害曾救其于危难之际的大功臣于谦,而在他病逝后,相继继位的两位皇帝宪宗和孝宗,一个懦弱不堪无所作为,一个心有余而力不足,撂下的这副重担落在了明代三百年中最能闹的一个皇帝——朱厚照身上,朝廷中充斥幕幕荒唐的闹剧,局势更是动荡不安。本书不乏大量描写精彩的权谋之术、战争之术、诡诈之术。 | |
| 517 | 1 | @a妖孽宫廷@AYao Nie Gong Ting |
| 606 | 0 | @a古代史 |
| 607 | @a中国@x古代史@z明代@j通俗读物 | |
| 607 | @a中国 | |
| 690 | @aK248.09@v4 | |
| 701 | 0 | @a当年明月@ADang Nian Ming Yue@4著 |
| 801 | 0 | @aCN@bTANGWEI@c20110413 |
| 905 | @b0533895-99@dK248.09@e81:3@f5 | |
| 明朝那些事儿.叁.妖孽宫廷/当年明月著.-北京:中国友谊出版公司,2009 |
| 273页;24cm |
| ISBN 978-7-5057-2326-9:CNY28.80 |
| 本书主要从明英宗朱祁镇成功复辟的“夺门之变”后写起,叙述了忠奸不分的朱祁镇听信谗言,杀害曾救其于危难之际的大功臣于谦,而在他病逝后,相继继位的两位皇帝宪宗和孝宗,一个懦弱不堪无所作为,一个心有余而力不足,撂下的这副重担落在了明代三百年中最能闹的一个皇帝——朱厚照身上,朝廷中充斥幕幕荒唐的闹剧,局势更是动荡不安。本书不乏大量描写精彩的权谋之术、战争之术、诡诈之术。 |
| ● |
| 相关链接 |
|
|
|
|
正题名:明朝那些事儿
索取号:K248.09/81:3
 
预约/预借
| 序号 | 登录号 | 条形码 | 馆藏地/架位号 | 状态 | 备注 |
| 1 | 0533895 | 205338954 | 第二样本阅览室/ [索取号:K248.09/81:3] | 在馆 | |
| 2 | 0533896 | 205338963 | 第二借阅区/ [索取号:K248.09/81:3] | 在馆 | |
| 3 | 0533897 | 205338972 | 第二借阅区/ [索取号:K248.09/81:3] | 在馆 | |
| 4 | 0533898 | 205338981 | 第二借阅区/ [索取号:K248.09/81:3] |
已借出,限还日期为2026.03.27 借出人:吴天孜 |
|
| 5 | 0533899 | 205338990 | 第二借阅区/ [索取号:K248.09/81:3] | 在馆 |